| 000 | 00479nam a2200181Ia 4500 | ||
|---|---|---|---|
| 008 | 131103s9999 xx 000 0 und d | ||
| 040 | _aLoreto College | ||
| 041 | _aEnglish | ||
| 082 |
_a907/HAW _bLCBED/3679 |
||
| 100 | _aHawes, H. W. R. | ||
| 245 |
_aTeaching history _cH. W. R. Hawes |
||
| 260 |
_aLondon _bLongmans _c1962 |
||
| 300 |
_a63p. _b ill., maps _c 17cm. |
||
| 504 | _aIncludes appendix | ||
| 650 | _aHistory - Teaching | ||
| 850 | _aLCBED/907/HAW | ||
| 942 | _cBK | ||
| 999 |
_c29160 _d79639 |
||